000 01231cam a2200313 i 4500
001 65541
003 Mx-PuUPA
005 20211005102607.0
008 160616s1998 mx r 000 0 spa d
020 _a9789682434358
040 _aMx-PuUPA
_bspa
_cMx-PuUPA
_dMx-PuUPA
_erda
041 0 _aspa
245 1 0 _aManual de orientaciones para la formación de escuela para padres :
_ben la comunidad encuentro /
_cEn la Comunidad Encuentro, coordinador ; colaboradores, Alejandra Kawage de Quintana, Paz Gutiérrez de Fernandez Cueto [y otros tres]
250 _aPrimera edición
264 1 _aMéxico, D.F. :
_bEditorial Trillas,
_c©1998
300 _a61 páginas :
_bilustraciones ;
_c24 cm.
336 _atexto
_2rdacontent
_btxt
337 _asin medio
_2rdamedia
_bn
338 _avolumen
_2rdacarrier
_bnc
490 0 _aEscuela para padres
650 4 _aPadres
_xSociedades
650 4 _aNiños
_xDirección
_xEstudio y enseñanza
700 1 _aKawage de Quintana, Alejandra,
_ecolaborador
700 1 _aGutierrez de Fernández Cueto, Paz,
_ecolaborador
710 2 _aEn la Comunidad Encuento, A.C.,
_ecoordinador
942 _2ddc
_cLI
_h306.806
_iC728
999 _c65541
_d65541